000 00483nam a2200181Ia 4500
005 20250508152549.0
008 008 250505s9999 xx 000 0 eng d
037 _aTextual
040 _aFEDL
_beng
_cFEDL
041 _aeng
_2eng
084 _a409, DIA
_qFEDL
100 _aDiamond A S
245 0 _aHistory and origin of language
260 _aLondon, UK
_bMethuen and Co. Ltd.
_c1959
300 _a280p.
942 _cTEXL
_h409, DIA
999 _c1337269
_d1337269